Fnaf Character by image quiz - Statistics

General Stats
  • This quiz has been taken 2,561 times
    2,559 since last reset
  • The average score is 31 of 37
Answer Stats
Picture Answer % Correct
Freddy
100%
Bonnie
99%
Chica
99%
Foxy
99%
Golden Freddy
98%
Toy Freddy
97%
Carl the cupcake
96%
Toy Bonnie
96%
Toy Chica
96%
Marionette
95%
Mangle
94%
Nightmare
92%
Springtrap
92%
Nightmare Bonnie
90%
Nightmare Chica
90%
Nightmare Foxy
90%
Nightmare Freddy
90%
Withered Bonnie
88%
Withered Chica
88%
Withered Foxy
88%
Withered Freddy
88%
RWQFSFASXC
85%
Funtime Foxy
84%
Shadow Freddy
81%
Ballora
80%
William Afton
80%
Ennard
76%
Nightmare Fredbear
73%
Lefty
71%
ScrapBaby
69%
Baby
67%
Glitchtrap
66%
Toy foxy
66%
Scraptrap
65%
Molten Freddy
64%
BidyBab
49%
Nightmarionette
38%
No matching quizzes found
Score Distribution
Percent of People with Each Score
Percentile by Number Answered
Your Score History
You have not taken this quiz since the last reset